| 000 | 00370nam a2200109Ia 4500 | ||
|---|---|---|---|
| 008 | 171211s9999 xx 000 0 und d | ||
| 245 | _aFly in the Buttermilk: The Life Story of Cecil Reed (Singular Lives) | ||
| 245 | _cCecil A. Reed, Cedil A. Reed, and Priscilla Donovan | ||
| 260 | _c1993 | ||
| 650 | _xBiography | ||
| 856 | _uhttp://down.ebook777.com/061/0877454159.pdf | ||
| 999 |
_c349936 _d349936 |
||